<?xml version="1.0" encoding="UTF-8"?>
<record
    xmlns:xsi="http://www.w3.org/2001/XMLSchema-instance"
    xsi:schemaLocation="http://www.loc.gov/MARC21/slim http://www.loc.gov/standards/marcxml/schema/MARC21slim.xsd"
    xmlns="http://www.loc.gov/MARC21/slim">

  <leader>04198cam a2200349 a 4500</leader>
  <datafield tag="999" ind1=" " ind2=" ">
    <subfield code="c">48170</subfield>
    <subfield code="d">48170</subfield>
  </datafield>
  <controlfield tag="001">17990620</controlfield>
  <controlfield tag="003">Nust</controlfield>
  <controlfield tag="005">20170111115255.0</controlfield>
  <controlfield tag="008">140108s2014    nyu           000 j eng d</controlfield>
  <datafield tag="010" ind1=" " ind2=" ">
    <subfield code="a">  2014930344</subfield>
  </datafield>
  <datafield tag="015" ind1=" " ind2=" ">
    <subfield code="a">GBB483920</subfield>
    <subfield code="2">bnb</subfield>
  </datafield>
  <datafield tag="016" ind1="7" ind2=" ">
    <subfield code="a">016821678</subfield>
    <subfield code="2">Uk</subfield>
  </datafield>
  <datafield tag="020" ind1=" " ind2=" ">
    <subfield code="a">9788172454067 (pbk)</subfield>
  </datafield>
  <datafield tag="035" ind1=" " ind2=" ">
    <subfield code="a">(OCoLC)ocn875741826</subfield>
  </datafield>
  <datafield tag="040" ind1=" " ind2=" ">
    <subfield code="a">YDXCP</subfield>
    <subfield code="b">eng</subfield>
    <subfield code="c">YDXCP</subfield>
    <subfield code="d">BTCTA</subfield>
    <subfield code="d">BDX</subfield>
    <subfield code="d">UKMGB</subfield>
    <subfield code="d">ZQP</subfield>
    <subfield code="d">OI6</subfield>
    <subfield code="d">OCLCO</subfield>
    <subfield code="d">IHI</subfield>
    <subfield code="d">DLC</subfield>
  </datafield>
  <datafield tag="042" ind1=" " ind2=" ">
    <subfield code="a">lccopycat</subfield>
  </datafield>
  <datafield tag="050" ind1="0" ind2="0">
    <subfield code="a">PR1309.H6</subfield>
    <subfield code="b">H66 2014</subfield>
  </datafield>
  <datafield tag="082" ind1="0" ind2="4">
    <subfield code="a">823</subfield>
    <subfield code="b">GRE</subfield>
  </datafield>
  <datafield tag="100" ind1=" " ind2=" ">
    <subfield code="a">Al Sarrantonio and Martin H. Greenberg.</subfield>
  </datafield>
  <datafield tag="245" ind1="0" ind2="0">
    <subfield code="a">50 Horror stories /</subfield>
    <subfield code="c">Al Sarrantonio and Martin H. Greenberg.</subfield>
  </datafield>
  <datafield tag="260" ind1=" " ind2=" ">
    <subfield code="a">New Delhi :</subfield>
    <subfield code="b">Goodwill publishing,</subfield>
  </datafield>
  <datafield tag="300" ind1=" " ind2=" ">
    <subfield code="a">xlii, 255 pages ;</subfield>
    <subfield code="c">23 cm</subfield>
  </datafield>
  <datafield tag="500" ind1=" " ind2=" ">
    <subfield code="a">Includes chronology and explanatory notes.</subfield>
  </datafield>
  <datafield tag="520" ind1=" " ind2=" ">
    <subfield code="a">The modern horror story grew and developed across the nineteenth century, embracing categories as diverse as ghost stories, supernatural and psychological horror, medical and scientific horrors, colonial horror, and tales of mystery and premonition. This anthology brings together 29 of the greatest horror stories of the period from 1816 to 1912, from the British, Irish, American, and European traditions. It ranges widely across the sub-genres to encompass authors whose terror-inducing powers remain unsurpassed. The book includes stories by some of the best writers of the century-- Hoffmann, Poe, Balzac, Dickens, Hawthorne, Melville, Zola--as well as established genre classics such as M. R. James, Arthur Machen, Bram Stoker, Algernon Blackwood, Charlotte Perkins Gilman and others. It includes rare and little known pieces by writers such as William Maginn, Francis Marion Crawford, W. F. Harvey, and William Hope Hodgson, and shows the important role played by periodicals in popularizing the horror story. Wherever possible stories are reprinted in their first published form, with background information about their authors and helpful, contextualizing annotation. Darryl Jones's lively introduction discusses horror's literary evolution and its articulation of cultural preoccupations and anxieties. These are stories guaranteed to freeze the blood, revolt the senses, and keep you awake at night:  prepare to be terrified!</subfield>
  </datafield>
  <datafield tag="650" ind1=" " ind2="0">
    <subfield code="a">Horror tales, English.</subfield>
  </datafield>
  <datafield tag="906" ind1=" " ind2=" ">
    <subfield code="a">7</subfield>
    <subfield code="b">cbc</subfield>
    <subfield code="c">copycat</subfield>
    <subfield code="d">2</subfield>
    <subfield code="e">ncip</subfield>
    <subfield code="f">20</subfield>
    <subfield code="g">y-gencatlg</subfield>
  </datafield>
  <datafield tag="942" ind1=" " ind2=" ">
    <subfield code="2">ddc</subfield>
    <subfield code="c">BK</subfield>
  </datafield>
  <datafield tag="952" ind1=" " ind2=" ">
    <subfield code="0">0</subfield>
    <subfield code="1">0</subfield>
    <subfield code="2">ddc</subfield>
    <subfield code="4">0</subfield>
    <subfield code="7">0</subfield>
    <subfield code="8">FIC</subfield>
    <subfield code="a">CL</subfield>
    <subfield code="b">CL</subfield>
    <subfield code="c">FIC</subfield>
    <subfield code="d">2017-01-11</subfield>
    <subfield code="l">14</subfield>
    <subfield code="m">5</subfield>
    <subfield code="o">823 GRE</subfield>
    <subfield code="p">CL629</subfield>
    <subfield code="q">2026-04-16</subfield>
    <subfield code="r">2026-03-17</subfield>
    <subfield code="s">2026-03-17</subfield>
    <subfield code="t">1</subfield>
    <subfield code="w">2017-01-11</subfield>
    <subfield code="y">BK</subfield>
  </datafield>
</record>
